Systematic social psychology (Record no. 1450294)

MARC details
000 -LEADER
fixed length control field 00581nam a2200205Ia 4500
005 - DATE AND TIME OF LATEST TRANSACTION
control field 20250923145340.0
008 - FIXED-LENGTH DATA ELEMENTS--GENERAL INFORMATION
fixed length control field 008 250917s9999 xx 000 0 eng d
037 ## - SOURCE OF ACQUISITION
Stock number Textual
040 ## - CATALOGING SOURCE
Original cataloging agency DSWL
Language of cataloging eng
Transcribing agency DSWL
041 ## - LANGUAGE CODE
Language code of text/sound track or separate title eng
Source of code eng
084 ## - COLON CLASSIFICATION NUMBER
Classification number S8, N74
Assigning agency DSWL
100 ## - MAIN ENTRY--PERSONAL NAME
Personal name Sahakian, Williams
9 (RLIN) 834345
245 #0 - TITLE STATEMENT
Title Systematic social psychology
Statement of responsibility, etc. by Williams Sahakian
260 ## - PUBLICATION, DISTRIBUTION, ETC.
Place of publication, distribution, etc. London
Name of publisher, distributor, etc. Chandler Pub. Company
Date of publication, distribution, etc. 1974
300 ## - PHYSICAL DESCRIPTION
Extent xiii,589p.
365 ## - TRADE PRICE
Price type code INR
Price amount 136 . 88
925 ## -
-- 136 . 88
942 ## - ADDED ENTRY ELEMENTS (KOHA)
Koha item type Textual
Classification part S8, N74
Holdings
Withdrawn status Lost status Damaged status Not for loan Home library Current library Date acquired Source of acquisition Inventory number Total Checkouts Full call number Barcode Date last seen Price effective from Koha item type
        Department of Social Work Library Department of Social Work Library 2025-09-23 S. Chand & Co. 41 29/07/1976   S8, N74 SW0017630 2025-09-23 2025-09-23 Textual
Copyright @ Delhi University Library System